000 01348nam a2200253Ii 4500
003 JO-AjNU
005 20240624104434.0
008 230605s9999||||xx |||||||||||||| ||und||
040 _aJO-AjNU
_bara
_erda
_cJO-AjNU
041 _aara
050 1 4 _aBP173.759 2019
100 _aالخرابشة، ناجح سليمان سالم
_965516
245 0 0 _aالسياسة التمويلية للبنوك الاسلامية الاردنية واثرها على التنمية الاجتماعية المستدامة = The Financial Policy of Jordanian Islamic Banks and Its Impact on Social Sustainable Develoment
_cاعداد ناجح سليمان سالم الخرابشة ؛ إشراف محمد طعمة القضاة، قاسم موسى ابو عبيد
260 _c2019
300 _a138ورقة
336 _atext
_btxt
_2rdacontent
337 _aunmediated
_bn
_2rdamedia
338 _avolume
_bnc
_2rdacarrier
500 _aرسالة جامعية ( اطروحة ماجستير) جامعة عجلون الوطنية: كلية ادارة الاعمال ، المصارف الاسلامية، 2019
650 4 _aالتمويل-البنوك الاسلامية-التنمية المستدامة
_959331
700 1 _aالقضاة، محمد طعمة
_965520
_eمشرف
700 1 _aابوعيد، قاسم
_965525
_eمشرف
942 _2lcc
_cTHS
999 _c30261
_d30261